000 00566nam a2200181Ia 4500
008 151018s9999 xx 000 0 und d
082 _bRBASDV31578
_a891.43
100 _aसंदीप पराशर
245 _aपृथ्वी कि खोज
250 _b1
260 _bअरुण प्रकाशन
_c1998
300 _a88
600 _aसंदीप पराशर
630 _aपृथ्वी कि खोज
700 _aसंदीप पराशर
730 _aपृथ्वी कि खोज
942 _cBOOK
999 _c1031111
_d1031108